000 00955nam a22001577a 4500
005 20260124092220.0
008 230711b ||||| |||| 00| 0 eng d
040 _cSSBUL
_dSSBUL
082 _223
_a၉၅၉.၁ မြန် ၁၆၁၁၄ (S-SAT)
245 _aမြန်မာနိုင်ငံတွင် ဖြစပေါ်ခဲ့သောပြည်တွင်းသောင်းကျန်းသူများနှင့် ပက်သက်၍ပြည်သူ့သို့တင်ပြချက်အကျဉ်းချုပ် /
260 _aရန်ကုန်၊
_bမြန်မာ့အလင်းစာတိုက်၊
_c၁၉၉၁။
300 _a၁၃၆ စာမျက်နှာ၊
_bဓာတ်ပုံများ၊
_c၂၃ စင်တီ။
500 _aS-SAT: Dr. Prof Sai Aung Tun
651 _aမြန်မာနိုင်ငံ
_xသမိုင်း။
_96190
942 _2ddc
_cBK1
999 _c27046
_d27046